000 00638nam a2200229Ia 4500
005 20260320201927.0
008 008 262003s9999 xx 000 0 eng d
037 _aEBOOK
040 _aCRL
040 _beng
040 _cCRL
041 _2eng
041 _aeng
084 _qCRL
100 _aKnickerbocker
_91136332
245 0 _aNetwork Science with Python: Explore the networks around us using network science, social network analysis, and machine learning
260 _bIEEE
856 _uhttps://ieeexplore.ieee.org/servlet/opac?bknumber=10162493
942 _cEBOOK
999 _c1724327
_d1724327